000 00829nam a2200193Ia 4500
008 130821s1933 ck gr spa
040 _aCo-BoUCM
_bspa
041 0 0 _aspa
110 1 _aColombia.
_bMinisterio de Relaciones Exteriores
245 1 0 _aInforme del Ministro de relaciones Exteriores al Congreso de 1933
_cMinisterio de Relaciones Exteriores, Roberto Urdaneta Arbeláez
260 _aBogotá (Colombia)
_bMinerva
_c1933
300 _a228 páginas
651 7 _aColombia
_bMinisterio de Relaciones Exteriores
_vInformes
_y1933
_926606
651 7 _aColombia
_bRelaciones internacionales
_y1933
_926606
651 7 _aColombia
_xAdministración pública
_vInformes
_y1933
_926606
700 1 _aUrdaneta Arbeláez, Roberto
_d1890-1972.
942 _cLIBRO
_a6
_e1
_mC718
_2DEWEY
_h351.0006
999 _c62312
_d62312